Cargando…

Cluny and the Muslims of La Garde-Freinet : Hagiography and the Problem of Islam in Medieval Europe /

In the summer of 972 a group of Muslim brigands based in the south of France abducted the abbot of Cluny as he and his entourage crossed the Alps. Ultimately, the abbot was set free and returned home safely, but the abduction outraged Christian leaders and galvanized the will of local lords. Shortly...

Descripción completa

Detalles Bibliográficos
Autor principal: Bruce, Scott G. (Scott Gordon), 1967- (Autor)
Formato: Electrónico eBook
Idioma:Inglés
Publicado: Ithaca : Cornell University Press, [2015]
Colección:Book collections on Project MUSE.
Temas:
Acceso en línea:Texto completo

MARC

LEADER 00000cam a22000004a 4500
001 musev2_43334
003 MdBmJHUP
005 20230905044534.0
006 m o d
007 cr||||||||nn|n
008 150412s2015 nyu o 00 0 eng d
010 |z  2015014595 
020 |a 9781501700927 
020 |z 9780801452994 
020 |z 9781501748431 
020 |z 9781501700910 
035 |a (OCoLC)930109239 
040 |a MdBmJHUP  |c MdBmJHUP 
100 1 |a Bruce, Scott G.  |q (Scott Gordon),  |d 1967-  |e author. 
245 1 0 |a Cluny and the Muslims of La Garde-Freinet :   |b Hagiography and the Problem of Islam in Medieval Europe /   |c Scott G. Bruce. 
264 1 |a Ithaca :  |b Cornell University Press,  |c [2015] 
264 3 |a Baltimore, Md. :  |b Project MUSE,   |c 2016 
264 4 |c ©[2015] 
300 |a 1 online resource (174 pages). 
336 |a text  |b txt  |2 rdacontent 
337 |a computer  |b c  |2 rdamedia 
338 |a online resource  |b cr  |2 rdacarrier 
505 0 |a News of a kidnapping -- Monks tell tales -- Peter the Venerable, butcher of God -- Hagiography and the Muslim policy of Peter the Venerable. 
520 8 |a In the summer of 972 a group of Muslim brigands based in the south of France abducted the abbot of Cluny as he and his entourage crossed the Alps. Ultimately, the abbot was set free and returned home safely, but the abduction outraged Christian leaders and galvanized the will of local lords. Shortly thereafter, Count William of Arles marshaled an army and succeeded in wiping out the Muslim stronghold. This book uses this incident to examine Christian perceptions of Islam in the Middle Ages. 
546 |a In English. 
588 |a Description based on print version record. 
600 0 7 |a Peter,  |c the Venerable,  |d approximately 1092-1156.  |2 fast  |0 (OCoLC)fst01841057 
600 0 7 |a Majolus,  |c Saint, Abbot of Cluny,  |d approximately 906-994.  |2 fast  |0 (OCoLC)fst01832402 
600 0 1 |a Peter,  |c the Venerable,  |d approximately 1092-1156. 
600 0 1 |a Majolus,  |c Saint, Abbot of Cluny,  |d approximately 906-994. 
600 0 0 |a Majolus,  |c Saint, Abbot of Cluny,  |d approximately 906-994. 
600 0 0 |a Peter,  |c the Venerable,  |d approximately 1092-1156. 
610 2 7 |a Cluny (Benedictine abbey)  |2 fast  |0 (OCoLC)fst00563133 
610 2 0 |a Cluny (Benedictine abbey)  |x History. 
650 7 |a Muslims.  |2 fast  |0 (OCoLC)fst01031029 
650 7 |a Islam  |x Controversial literature.  |2 fast  |0 (OCoLC)fst00979782 
650 7 |a Islam.  |2 fast  |0 (OCoLC)fst00979776 
650 7 |a Interfaith relations.  |2 fast  |0 (OCoLC)fst01353343 
650 7 |a Christianity.  |2 fast  |0 (OCoLC)fst00859599 
650 7 |a Christian hagiography.  |2 fast  |0 (OCoLC)fst00859164 
650 7 |a RELIGION  |x Islam  |x History.  |2 bisacsh 
650 7 |a RELIGION  |x Christianity  |x General.  |2 bisacsh 
650 7 |a RELIGION  |x Christian Life  |x Social Issues.  |2 bisacsh 
650 6 |a Islam  |x Ouvrages de controverse  |v Ouvrages avant 1800. 
650 6 |a Islam  |x Relations  |x Christianisme  |v Ouvrages avant 1800. 
650 6 |a Christianisme  |x Relations  |x Islam  |v Ouvrages avant 1800. 
650 0 |a Christian hagiography  |x History  |y To 1500. 
650 0 |a Muslims  |z France  |z La Garde-Freinet  |x History  |y To 1500. 
650 0 |a Islam  |x Controversial literature  |v Early works to 1800. 
650 0 |a Islam  |x Relations  |x Christianity  |v Early works to 1800. 
650 0 |a Christianity and other religions  |x Islam  |v Early works to 1800. 
651 7 |a France  |z La Garde-Freinet.  |2 fast  |0 (OCoLC)fst01279123 
655 7 |a History.  |2 fast  |0 (OCoLC)fst01411628 
655 7 |a Early works.  |2 fast  |0 (OCoLC)fst01411636 
655 7 |a Electronic books.   |2 local 
710 2 |a Project Muse.  |e distributor 
830 0 |a Book collections on Project MUSE. 
856 4 0 |z Texto completo  |u https://projectmuse.uam.elogim.com/book/43334/ 
945 |a Project MUSE - Custom Collection 
945 |a Project MUSE - 2016 Complete 
945 |a Project MUSE - 2016 Philosophy and Religion